000 00335nam a22001453 4500
001 206874
005 20250715092522.0
090 _a206874
100 _a20250715 ukry50
101 _aukr
102 _aUA
200 _a
210 _d2025
801 _2unimarc
_aUA
_gpsbo
942 _cNEWSPAPER